Systèmes de la nature / (Record no. 9166)

MARC details
000 -LEADER
campo de control de longitud fija 00708nam a2200241 i 4500
001 - NÚMERO DE CONTROL
campo de control 9166
003 - IDENTIFICADOR DE NÚMERO DE CONTROL
campo de control ES-MaACL
005 - FECHA Y HORA DE LA ÚLTIMA TRANSACCIÓN
campo de control 20230906145623.0
007 - CAMPO FIJO DE DESCRIPCIÓN FÍSICA--INFORMACIÓN GENERAL
campo de control de longitud fija t|
008 - DATOS DE LONGITUD FIJA--INFORMACIÓN GENERAL
campo de control de longitud fija 930521s1985 fr ||||1| fre d
020 ## - NÚMERO INTERNACIONAL ESTÁNDAR DEL LIBRO
Número Internacional Estándar del Libro 2-7116-0892-1
080 ## - NÚMERO DE LA CLASIFICACIÓN DECIMAL UNIVERSAL
Número de la Clasificación Decimal Universal 122
100 1# - ENTRADA PRINCIPAL--NOMBRE DE PERSONA
Nombre de persona Largeault, Jean.
9 (RLIN) 70247
245 10 - MENCIÓN DEL TÍTULO
Título Systèmes de la nature /
Mención de responsabilidad, etc. par Jean Largeault ; préface de René Thom.
260 ## - PUBLICACIÓN, DISTRIBUCIÓN, ETC.
Lugar de publicación, distribución, etc. París :
Nombre del editor, distribuidor, etc. Librairie Philosophique J. Vrin,
Fecha de publicación, distribución, etc. 1985.
300 ## - DESCRIPCIÓN FÍSICA
Extensión V, 245 p. ;
Dimensiones 24 cm.
490 1# - MENCIÓN DE SERIE
Mención de serie Problèmes et controverses
650 14 - PUNTO DE ACCESO ADICIONAL DE MATERIA--TÉRMINO DE MATERIA
Término de materia o nombre geográfico como elemento de entrada Causalidad.
9 (RLIN) 10856
700 1# - ENTRADA AGREGADA--NOMBRE PERSONAL
Nombre de persona Thom, René.
9 (RLIN) 109984
830 0# - PUNTO DE ACCESO ADICIONAL DE SERIE-TÍTULO UNIFORME
Título uniforme Problèmes et controverses
9 (RLIN) 177513
852 ## - LOCALIZACIÓN
Ubicación ES-MaACL
Número de control de estantería L-16300
Sublocalización o colección R.115712
Holdings
Estatus retirado Estado de pérdida Estado de daño No para préstamo Biblioteca de origen Biblioteca actual Ubicación en estantería Fecha de adquisición Fuente de adquisición Total de préstamos Signatura topográfica completa Código de barras Visto por última vez Precio de reemplazo Tipo de ítem Koha
        Biblioteca del Ateneo de Madrid Biblioteca del Ateneo de Madrid Depósito 2 17/01/2008     L-16300 1009355 23/02/2023 23/02/2023 Libro impreso